The Force of Symmentry (Record no. 5428)
[ view plain ]
| 000 -LEADER | |
|---|---|
| fixed length control field | 00502nam a22001937a 4500 |
| 003 - CONTROL NUMBER IDENTIFIER | |
| control field | OSt |
| 005 - DATE AND TIME OF LATEST TRANSACTION | |
| control field | 20161202195304.0 |
| 008 - FIXED-LENGTH DATA ELEMENTS--GENERAL INFORMATION | |
| fixed length control field | 161202b xxu||||| |||| 00| 0 eng d |
| 020 ## - INTERNATIONAL STANDARD BOOK NUMBER | |
| International Standard Book Number | 052145591X |
| 040 ## - CATALOGING SOURCE | |
| Transcribing agency | DDC |
| 082 ## - DEWEY DECIMAL CLASSIFICATION NUMBER | |
| Classification number | 539 ICK 1995 |
| 100 ## - MAIN ENTRY--PERSONAL NAME | |
| Personal name | Icke, Vincent |
| 9 (RLIN) | 11343 |
| 245 ## - TITLE STATEMENT | |
| Title | The Force of Symmentry |
| 260 ## - PUBLICATION, DISTRIBUTION, ETC. (IMPRINT) | |
| Place of publication, distribution, etc. | Cambridge University Press, 1995 |
| 300 ## - PHYSICAL DESCRIPTION | |
| Extent | xxi,338p; ill: 24cm |
| 504 ## - BIBLIOGRAPHY, ETC. NOTE | |
| Bibliography, etc | References, glossary, & index included |
| 650 ## - SUBJECT ADDED ENTRY--TOPICAL TERM | |
| Topical term or geographic name as entry element | Symmetry |
| 9 (RLIN) | 11344 |
| 942 ## - ADDED ENTRY ELEMENTS (KOHA) | |
| Source of classification or shelving scheme | Other/Generic Classification Scheme |
| Koha item type | Open Shelf |
| Withdrawn status | Lost status | Source of classification or shelving scheme | Damaged status | Not for loan | Home library | Current library | Date acquired | Source of acquisition | Inventory number | Total Checkouts | Full call number | Barcode | Date last seen | Koha item type | Price effective from |
|---|---|---|---|---|---|---|---|---|---|---|---|---|---|---|---|
| Dewey Decimal Classification | MUST Main Library | MUST Main Library | 02/12/2016 | 05/24444 | 539 ICK 1995 | 2016-4994 | 02/12/2016 | Open Shelf | |||||||
| Dewey Decimal Classification | MUST Main Library | MUST Main Library | 28/03/2017 | 03/20543 | 539 ICK 1995 | 2017-0661 | 28/03/2017 | Open Shelf | |||||||
| Dewey Decimal Classification | MUST Main Library | MUST Main Library | 19/06/2024 | Purchase | 05/24442 | 539 ICK 1995 | 2024-20910 | 19/06/2024 | Open Shelf | 19/06/2024 |
